000 00731nam a2200253Ia 4500
003 OSt
005 20221005081426.0
006 a|||||r|||| 00| 0
007 ta
008 221004b |||||||| |||| 00| 0 eng d
024 _a24260
037 _cTextual
040 _aCRL
_cCRL
_beng
041 _2eng
_aeng
082 _aV2,31wN98, N8 (RR)
110 _aNEW DELHI, RAJYA SABHA SECRETARIAT
_9611078
245 0 _aWho'S Who
_b Parliament of India
260 _aNew Delhi
_bRajya Sabha Secretariat India
_c1998
300 _a426p.
_ccm.
650 _aINDIA - HISTORY
700 _aNEW DELHI, RAJYA SABHA SECRETARIAT
_9611079
942 _hV2,31wN98, N8 (RR)
_cTEXL
_2cc
999 _c987692
_d987692